00269nam a2200109Ia 4500008004100000100002100041245003400062260001700096650002200113942000700135999001700142190216s9999||||xx |||||||||||||| ||und|| aBhaskaran Nair K 0aDaiva Neethik Daksheeniamilla bNbs Kottayam aMalayalam Nadakam cBK c25663d25663